000 00280nam a2200097Ia 4500
082 _aST 303.32 TURN
245 0 _aLife orientation . Grade 11 : learner's book
100 _a TURNER, Mandy Cambridge, 2009
_993538
942 _cBK
008 210817s9999 xx 000 0 und d
999 _c382126
_d382123